| 000 | 01178nas1a2200277 4500 | ||
|---|---|---|---|
| 001 | RU\NLR\BIBL_A\010704071 | ||
| 005 | 20250807185514.0 | ||
| 035 | _a(NLR Aleph) 010704071 | ||
| 090 |
_a1338 _c1338 |
||
| 100 | _a20250807 rusy50 | ||
| 101 | 0 | _arus | |
| 102 | _aRU | ||
| 105 | _ay z 000yy | ||
| 110 | _acyy | ||
| 200 | 1 |
_aЗа урожай _eоднодневная газета Петроградского РК ВКП (б) и исполкома депутатов трудящихся Петроградского района |
|
| 210 |
_aЛенинград _d1943 |
||
| 852 |
_aNLR _jОдн1943/10 |
||
| 942 | _cNEWSPAPER | ||
| 945 | _aРоссийская национальная библиотека | ||
| 980 | _aNB | ||
| 980 | _aBV | ||
| 981 | 3 | 7 |
_a(37) Ленинград в Великой Отечественной войне _b(37) Газеты блокадного Ленинграда |
| 981 | 2 | 7 |
_a(27) Периодические издания _b(27) Пульс города на Неве |
| 981 | 2 | 7 |
_a(27) Периодические издания _b(27) Газеты |